| 000 | 01592nam a2200241Ia 4500 | ||
|---|---|---|---|
| 003 | Ost | ||
| 005 | 20260507075623.0 | ||
| 008 | 260507s9999||||xx |||||||||||||| ||und|| | ||
| 020 | _a9789947780817 | ||
| 040 | _cfsecg | ||
| 041 | _aara | ||
| 082 | _a1.42 | ||
| 100 |
_aزايري، بلقاسم _eمؤلف |
||
| 245 | 0 |
_aمنهجية البحث العلمي : _bكيف تكتب بحثا جامعيا ناجحا في العلوم الاقتصادية؟ / _c بلقاسم زايري |
|
| 260 |
_aالجزائر: _bالنشر الجامعي الجديد, _c2020 |
||
| 300 |
_a356 صفحة؛ _bإيضاحات ؛ _c24 سم |
||
| 504 | _aالمراجع ص.349 | ||
| 520 | _aيحاول هذا الكتاب تقديم تصور علمي وعملي حول كيفية اعداد الأبحاث العلمية ومذكرات التخرج بالنسبة لطلبة العلوم الاقتصادية وتوجيه الطلبة في مستويات الماستر والدكتوراه إلى المنهجية الصحيحة والسليمة لانجاز الأبحاث والمذكرات وحتى المقالات العلمية ذات النوعية الجيدة، ومنه فقد تناول في فصوله ماهية البحث العلمي ومراحله ومصادر البحث العلمي أهميتها وأنواعها وكيف يتم كتابتها ، والمعايير الخاصة بصياغة البحث في شكله النهائي. | ||
| 653 | _aالعلوم الاجتماعية | ||
| 653 | _aطرق البحث | ||
| 653 | _aمناهج البحث العلمي | ||
| 942 | _cكتاب | ||
| 999 |
_c45152 _d45152 |
||